Swamy's compilation of central civil services : (Record no. 134013)
[ view plain ]
| 000 -LEADER | |
|---|---|
| fixed length control field | 00881nam a22002537a 4500 |
| 005 - DATE AND TIME OF LATEST TRANSACTION | |
| control field | 20170124110219.0 |
| 010 ## - LIBRARY OF CONGRESS CONTROL NUMBER | |
| LC control number | B-062951 |
| 020 ## - INTERNATIONAL STANDARD BOOK NUMBER | |
| Terms of availability | 165.00 |
| 035 ## - SYSTEM CONTROL NUMBER | |
| System control number | B-062951 |
| 037 ## - SOURCE OF ACQUISITION | |
| Source of stock number/acquisition | Cen Lib/Ret |
| 040 ## - CATALOGING SOURCE | |
| Original cataloging agency | DPL |
| Language of cataloging | EN |
| 082 ## - DEWEY DECIMAL CLASSIFICATION NUMBER | |
| Classification number | 351.18 |
| Item number | MUT |
| 100 ## - MAIN ENTRY--PERSONAL NAME | |
| Personal name | Muthuswamy |
| 9 (RLIN) | 39543 |
| 245 ## - TITLE STATEMENT | |
| Title | Swamy's compilation of central civil services : |
| Statement of responsibility, etc | by Muthuswamy [and] Brinda |
| Remainder of title | classification, control and appeal rules : incorporating orders received up to 1st August, 1989 / |
| 250 ## - EDITION STATEMENT | |
| Edition statement | 27th ed |
| 260 ## - PUBLICATION, DISTRIBUTION, ETC. (IMPRINT) | |
| Place of publication, distribution, etc | Chennai |
| Name of publisher, distributor, etc | Swamy Publishers |
| Date of publication, distribution, etc | 2002 |
| 270 ## - ADDRESS | |
| Address | 236, R. K. Mutt Road, Post Box No. 2468 |
| City | Chennai |
| Postal code | 600028 |
| 300 ## - PHYSICAL DESCRIPTION | |
| Extent | xx,339p. |
| Dimensions | 21cm(pbk) |
| 500 ## - GENERAL NOTE | |
| General note | Includes index |
| 650 ## - SUBJECT ADDED ENTRY--TOPICAL TERM | |
| Topical term or geographic name as entry element | India -- Officials and employees -- Discipline. |
| 9 (RLIN) | 39544 |
| 650 ## - SUBJECT ADDED ENTRY--TOPICAL TERM | |
| Topical term or geographic name as entry element | Labor discipline |
| 9 (RLIN) | 14589 |
| 700 ## - ADDED ENTRY--PERSONAL NAME | |
| Personal name | Brinda |
| 9 (RLIN) | 39133 |
| 942 ## - ADDED ENTRY ELEMENTS (KOHA) | |
| Source of classification or shelving scheme | Dewey Decimal Classification |
| Koha item type | English Books |
| Classification part | 351.18 |
| Call number suffix | MUT |
| Withdrawn status | Lost status | Damaged status | Not for loan | Home library | Current library | Date acquired | Source of acquisition | Cost, normal purchase price | Total Checkouts | Full call number | Barcode | Date last seen | Copy number | Cost, replacement price | Price effective from | Koha item type |
|---|---|---|---|---|---|---|---|---|---|---|---|---|---|---|---|---|
| Central Library | Central Library | 28/07/2015 | Cen Lib/Ret | 165.00 | 351.18 MUT | B-062951 | 28/07/2015 | 1 | 165.00 | 28/07/2015 | English Books |
